| 000 | 00798cab a22002535a 4500 | ||
|---|---|---|---|
| 001 | L156518 | ||
| 008 | 120531e20120526xxk 000 0 eng d | ||
| 035 | _a(Sirsi) u156518 | ||
| 041 | 0 | _aeng | |
| 100 | 1 | _aLee, Robert | |
| 245 | 0 | 0 | _aProtecting the land from pollutants |
| 260 | _c2012 | ||
| 490 |
_aEstates Gazette _v(1221) 26 May 2012, 86-88(2) |
||
| 520 | _aLooks at recent changes to the law governing contaminated land and how to manage contamination risks, with advice for owners and developers of a contaminated site. | ||
| 590 | _aKA | ||
| 650 | 2 | 4 | _aENVIRONMENT PROTECTION ACT 1990 |
| 651 | 4 | _aUnited Kingdom | |
| 690 |
_aContamination _96231 |
||
| 700 | 1 | _aSykes, Stephen | |
| 700 | 1 | _aPullman, Andrew | |
| 700 | 1 | _aDavies, Paul | |
| 700 | 1 | _aGreen, Michael | |
| 942 | _n0 | ||
| 999 |
_c84049 _d84049 |
||